The surficial geology of the Ansonia and Milford quadrangles. (Record no. 30520)

MARC details
000 -LEADER
fixed length control field 00833cam a2200229 4500
001 - CONTROL NUMBER
control field gs 68000311
003 - CONTROL NUMBER IDENTIFIER
control field DLC
005 - DATE AND TIME OF LATEST TRANSACTION
control field 20260227111423.0
008 - FIXED-LENGTH DATA ELEMENTS--GENERAL INFORMATION
fixed length control field 690522s1968 ctuab b 00000 eng c
010 ## - LIBRARY OF CONGRESS CONTROL NUMBER
LC control number gs 68000311
040 ## - CATALOGING SOURCE
Original cataloging agency U.S. Geological Survey Library
Transcribing agency DLC
Modifying agency DLC
050 10 - LIBRARY OF CONGRESS CALL NUMBER
Classification number QE93
Item number .A116 no. 23
100 10 - MAIN ENTRY--PERSONAL NAME
Personal name Flint, Richard Foster,
Dates associated with a name 1902-
245 14 - TITLE STATEMENT
Title The surficial geology of the Ansonia and Milford quadrangles.
260 1# - PUBLICATION, DISTRIBUTION, ETC.
Place of publication, distribution, etc. [Hartford]
Date of publication, distribution, etc. 1968.
300 ## - PHYSICAL DESCRIPTION
Extent iv, 36 p.
Other physical details illus. (1 fold.) maps (3 fold., 2 col.)
Dimensions 23 cm.
410 10 - SERIES STATEMENT/ADDED ENTRY--CORPORATE NAME [OBSOLETE, CAN/MARC], [LOCAL, USA]
Corporate name or jurisdiction name as entry element Connecticut.
Subordinate unit State Geological and Natural History Survey.
Title of a work Quadrangle report
Volume number/sequential designation no. 23
500 ## - GENERAL NOTE
General note Part of illustrative matter in pocket.
504 ## - BIBLIOGRAPHY, ETC. NOTE
Bibliography, etc. note Bibliography: p. 35-36.
650 #0 - SUBJECT ADDED ENTRY--TOPICAL TERM
Topical term or geographic name entry element Geology
Geographic subdivision Connecticut
-- New Haven Co.
650 #0 - SUBJECT ADDED ENTRY--TOPICAL TERM
Topical term or geographic name entry element Geology
Geographic subdivision Connecticut
-- Fairfield Co.

No items available.

Powered by Koha